00544nam a22001337a 4500008004100000020001500041050002200056245021600078260003300294300002100327440002300348700001800371700002100389140901b xxu||||| |||| 00| 0 eng d a0406092192 aKD275.4.L39(1941) aThe Law Reports, Appeal Cases of the incorporated Council of Law Reporting(1941): House of Lords, Judicial Committee of the Privy Council and Peerage Cases. /cedited by Ralph Sutton and assisted G.F.L. Bridgman aLondon:bButterworth,c1941. axi, 464p.c24cm. pAppeal cases, 1941 aSutton, Ralph aBridgman, G.F.L.